| 000 | 01724nam a2200541 i 4500 | ||
|---|---|---|---|
| 001 | 54430 | ||
| 003 | KOSZ 005 | ||
| 005 | 20210209120739.0 | ||
| 008 | 080107s2007 pl a f f |000 0 pol | ||
| 015 | _aUWD 2008/905 | ||
| 020 | _a9788301151669 | ||
| 035 | _a991039151429705066 | ||
| 035 | _a(PL-WaBN)b20473989-48omnis_nlop | ||
| 035 | _ab20473989 | ||
| 035 | _a(OCoLC)749198870 | ||
| 035 | _a(PL)b0000002047398 | ||
| 035 | _a(EXLNZ-48OMNIS_NETWORK)9910248735805606 | ||
| 040 |
_aWA N _cWA N _dKOSZ 005/HR |
||
| 046 | _k2007 | ||
| 080 | _a628.35 | ||
| 080 | _a628.4.042 | ||
| 080 | _a(075.8) | ||
| 100 | 1 |
_aJędrczak, Andrzej _eAutor |
|
| 245 | 1 | 0 |
_aBiologiczne przetwarzanie odpadów / _cAndrzej Jędrczak. |
| 260 |
_aWarszawa : _bWydawnictwo Naukowe PWN, _c2007. |
||
| 300 |
_a456 s. : _bil. ; _c24 cm. |
||
| 336 |
_aTekst _btxt _2rdacontent |
||
| 337 |
_aBez urządzenia pośredniczącego _bn _2rdamedia |
||
| 338 |
_aWolumin _bnc _2rdacarrier |
||
| 380 | _aKsiążki | ||
| 380 | _aPublikacje dydaktyczne | ||
| 385 |
_mPoziom nauczania _aSzkoły wyższe |
||
| 388 | _a2001- | ||
| 490 | 1 | _aŚrodowisko | |
| 504 | _aBibliogr. przy rozdz. | ||
| 650 | 7 |
_aBiologiczna oczyszczalnia ścieków _2DBN |
|
| 650 | 7 |
_aOdpady organiczne _2DBN |
|
| 650 | 7 | _aBiodegradacja | |
| 650 | 2 | _aOdpady | |
| 655 | 7 |
_aPodręczniki akademickie _2DBN |
|
| 658 | _aOchrona środowiska | ||
| 658 | _aInżynieria i technika | ||
| 710 | 2 |
_aWydawnictwo Naukowe PWN _4pbl |
|
| 830 | 0 | _aŚrodowisko | |
| 856 |
_uhttp://koha.tu.koszalin.pl/cgi-bin/koha/opac-detail.pl?biblionumber=54430 _yKatalog online BPK |
||
| 942 |
_2UKD _cKS |
||
| 999 |
_c54430 _d54430 |
||